Terminais Urbanos de Ônibus da Cidade de São Paulo - Statistics

Estatísticas Gerais
  • Esse quiz foi jogado 232 vezes
  • A pontuação média é 15 de 33
Estatísticas das Respostas
Área Terminal % Correto
4 - Leste Itaquera
74%
7 - Sudoeste Santo Amaro
71%
6 - Sul Grajaú
62%
3 - Nordeste Penha
58%
5 - Sudeste São Mateus
58%
9 - Central Lapa
56%
1 - Noroeste Pirituba
56%
8 - Oeste Campo Limpo
55%
9 - Central Vila Prudente
55%
6 - Sul Jabaquara
54%
9 - Central Pinheiros
54%
5 - Sudeste Sacomã
54%
6 - Sul Parelheiros
52%
9 - Central Bandeira
51%
5 - Sudeste Sapopemba/Teotônio Vilela
48%
9 - Central Parque Dom Pedro II
47%
9 - Central Princesa Isabel
46%
7 - Sudoeste Jardim Ângela
44%
3 - Nordeste São Miguel
44%
4 - Leste Cidade Tiradentes
42%
6 - Sul Varginha
42%
3 - Nordeste Aricanduva
41%
2 - Norte Casa Verde
40%
3 - Nordeste A.E. Carvalho
39%
7 - Sudoeste Capelinha
38%
4 - Leste Vila Carrão
38%
2 - Norte Vila Nova Cachoeirinha
36%
7 - Sudoeste Guarapiranga
31%
7 - Sudoeste João Dias
31%
9 - Central Mercado
30%
9 - Central Amaral Gurgel
28%
1 - Noroeste Jardim Britânia
27%
7 - Sudoeste Água Espraiada
26%
Nenhum quiz correspondente encontrado
Distribuição das Pontuações
Porcentagem de Pessoas com Cada Pontuação
Percentil de Números Respondidos
Sua Pontuação Histórica
Você não jogou esse quiz